000
00287nam a2200109Ia 4500
008
190216s9999||||xx |||||||||||||| ||und||
100
_a
"Shukla M C,Grewal T S&Amp; Gupta S C"
245
0
_a
Solutions To Problems In Advanced Accounts
260
_b
Null
_c
1978
300
_a
417p
942
_c
BK
999
_c
3990
_d
3990